000 00787nam a2200241Ia 4500
003 GCL
008 140319s9999 xx 000 0 ara d
040 _aGCL /
_cGCL
082 0 4 _a327.11
_bع ز
100 1 _aعصام رفعت
245 1 0 _aزلزال الخليج من الغزو العراقى الى المجهول /
_cعصام رفعت
260 _a[S.N] :
_bمؤسسة الاهرام
490 _aكتاب الاهرام الاقتصادى
_v0
650 0 4 _aالكويت
650 0 4 _aالعالم العربى
650 0 4 _aالاحوال السياسية
650 0 4 _aالعراق
650 0 4 _aالاحوال الاقتصادية
650 0 4 _aحرب الخليج
650 0 4 _aصدام حسين
650 0 4 _aالاحتلال العسكرى
942 _2ddc
_cBK
999 _c29991
_d29991